Statistics for KPOP: NCT MV songs by release date

Click here to take the quiz!

General Stats

  • This quiz has been taken 748 times
    (714 since last reset)
  • The average score is 15 of 30

Answer Stats

DateSong% Correct
August 24, 2016Chewing Gum
87%
July 07, 2016Fire Truck
86%
April 9, 2016The 7th Sense
78%
July 25, 2019Boom
77%
June 14, 2017Cherry Bomb
77%
October 11, 2018Regular
77%
February 18, 2018Boss
70%
March 04, 2018Go
69%
August 30, 2018We Go Up
69%
May 24, 2019Superhuman
67%
January 04, 2017Limitless
66%
February 08, 2017My First and Last
62%
March 13, 2018Touch
62%
February 26, 2018Baby Don't Stop
60%
November 22, 2018Simon Says
59%
April 18, 2018Black On Black
58%
August 17, 2017We Young
58%
April 10, 2016Without You
48%
May 15, 2019Take Off
44%
May 08, 2018Chain
43%
April 01, 2018Yestoday
37%
March 18, 2019Wakey-Wakey
30%
December 20, 2016Switch
25%
December 27, 2018Candle Light
24%
December 16, 2017Joy
21%
January 24, 2019Dream Launch
12%
July 28, 2016Taste The Feeling
11%
December 05, 2016Good Thing!
8%
June 13, 2019Let me love u
6%
February 22, 2019Let's Shut Up & Dance
3%

Score Distribution

Percentile by Number Answered

Percent of People with Each Score

Your Score History

You have not taken this quiz since the last reset